[Event "Colmenarejo Autumn op 29th"]
[Site "Colmenarejo"]
[Date "2019.10.27"]
[Round "7"]
[White "De Pablo Fuertes, Daniel"]
[Black "Garcia Fernandez, Jose Luis"]
[Result "1-0"]
[WhiteElo "1809"]
[BlackElo "1776"]
[PlyCount "53"]
[EventDate "2019.09.15"]
[EventType "swiss"]
[EventRounds "7"]
[EventCountry "ESP"]
[SourceTitle "EXT 2021"]
[Source "ChessBase"]
[SourceDate "2020.10.23"]
[SourceVersion "1"]
[SourceVersionDate "2020.10.23"]
[SourceQuality "1"]

1. c4 c6 2. Nf3 d5 3. e3 Nf6 4. Nc3 Bf5 5. cxd5 cxd5 6. Qb3 Qc7 7. Nxd5 Nxd5 8. Qxd5 e6 9. Bb5+ Nc6 10. Qc4 Bd6 11. Nd4 0-0 12. Nxf5 exf5 13. Bxc6 bxc6 14. b3 Be5 15. Rb1 Rfe8 16. Bb2 Bd6 17. Rc1 c5 18. h3 Rad8 19. 0-0 f4 20. b4 f3 21. Qg4 Bh2+ 22. Kh1 fxg2+ 23. Qxg2 Be5 24. Rxc5 Qb8 25. Rxe5 Rxe5 26. f4 Rxd2 27. Bxe5 1-0